Routledge Spanish dictionary of business, commerce, and finance = Diccionario inglés de negocios, comercio y finanzas /

Saved in:
நூற்பட்டியல் விவரங்கள்
மற்ற எழுத்தாளர்கள்: Muñiz Castro, Emilio Germán.
வடிவம்: புத்தகம்
மொழி:English
வெளியீடப்பட்டது: London ; New York : Routledge, 1998.
பகுதிகள்:
குறியீடுகள்: குறிச்சொல் இணை
குறியீடுகள் இல்லை, இந்த குறிச்சொல்லை முதலில் பதிவு செய்யுங்கள்!
LEADER 01190pam a2200313 a 4500
001 007764877-3
005 20020606104010.5
008 971001s1998 enk d 000 0 eng
010 |a  97035283  
020 |a 0415093937 
035 0 |a ocm37755113 
040 |a DLC  |c DLC  |d DLC 
041 0 |a engspa 
050 0 0 |a HF1002  |b .R687 1998 
082 0 0 |a 650/.03  |2 21 
245 0 0 |a Routledge Spanish dictionary of business, commerce, and finance =  |b Diccionario inglés de negocios, comercio y finanzas /  |c Spanish terminology/terminología española, Emilio G. Muñiz Castro. 
246 3 0 |a Spanish dictionary of business, commerce and finance 
246 1 0 |a Diccionario inglés de negocios, comercio y finanzas 
260 |a London ;  |a New York :  |b Routledge,  |c 1998. 
300 |a xxv, 822 p. ;  |c 26 cm. 
500 |a "Spanish-English/English-Spanish; Español-Inglés/Inglés-Espãnol." 
650 0 |a Business  |v Dictionaries. 
650 0 |a English language  |x Dictionaries  |x Spanish. 
650 0 |a Business  |x Dictionaries  |x Spanish. 
650 0 |a Spanish language  |x Dictionaries  |x English. 
655 7 |a Dictionaries.  |2 fast 
700 1 |a Muñiz Castro, Emilio Germán. 
988 |a 20020608 
906 |0 DLC